00414nam a2200133Ia 4500003000400000005001700004008004100021020002900062040001800091041000800109100005000117245007600167260003700243OSt20260226095626.0211028s2019 xx 000 0 und d c00357nam a2200097Ia 4500 cAIMIT LIBRARY aeng aAranha, Lareesha Shainy; Harinakshi.g1716092 aStudy on the employee performance appraisal at Mandovi Motors Pvt Ltd / aMangalorebT Ramesh Kamathc2019